Gaming Quiz - Statistiken

Allgemein
  • Dieses Quiz wurde 1.707 mal gespielt
    1.539 seit der letzten Aktualisierung
  • Das Durchschnittsergebnis liegt bei 9 aus 20
Antwortstatistiken
Frage Antwort % Korrekt
Welches Unternehmen ist bekannt für die Entwicklung von Pokémon-Spielen? Nintendo
88%
Welches Spiel wurde als das "am meisten gespielte MOBA-Spiel" bezeichnet? League of Legends
72%
Was ist der meistverkaufte Videospielcharakter aller Zeiten? Mario
69%
Welches Spiel hat den Begriff "Survival Horror" populär gemacht? Resident Evil
67%
Was ist das meistverkaufte Videospiel aller Zeiten? Minecraft
61%
Welches Spiel führte erstmals den Begriff "First-Person Shooter" ein? Doom
60%
Welche Spielkonsole wurde als "beste Konsole aller Zeiten" bezeichnet? PlayStation 2
60%
Welches Studio ist für die Entwicklung der "Fallout"-Spielreihe bekannt? Bethesda Game Studios
57%
Welches Spiel wird oft als "das erste moderne E-Sport-Spiel" betrachtet? Counter-Strike
53%
Welches Spiel gilt als das erste kommerziell erfolgreiche Videospiel? Pong
49%
Welches Spiel wurde als "Spiel des Jahrhunderts" bezeichnet? Tetris
46%
Welches Spiel wurde ursprünglich als Modifikation für das Spiel "Half-Life" entwickelt? Counter-Strike
44%
Welche Spielkonsole war die erste, die CD-ROMs für Spiele nutzte? PlayStation
42%
Welches Spiel hat den Begriff "Open-World-Spiel" populär gemacht? Grand Theft Auto III
41%
Welches Jahr markierte den Beginn der Ära der Videospielkonsolen? 1972
37%
Welche Spielserie ist bekannt für ihre epischen Singleplayer-Abenteuer und wurde von Naughty Dog entwickelt? The Last of Us
24%
Welches Spiel wurde als das "bestbewertete Spiel aller Zeiten" von Metacritic bezeichnet? The Witcher 3: Wild Hunt
20%
Welches Spiel wird oft als "das erste Spiel mit einer versteckten Botschaft" angesehen? Polybius
19%
Welche Spielserie wird oft als "die erfolgreichste Spielserie aller Zeiten" bezeichnet? FIFA
18%
Welches Spiel wird oft als "das erste erfolgreiche MMO-Rollenspiel" angesehen? Ultima Online
7%
Keine übereinstimmenden Quizze gefunden
Verteilung der Resultate
Anzahl Personen mit jedem Resultat
Perzentil nach korrekt beantworteten Fragen
Ihre Resultats-Entwicklung
Sie haben dieses Quiz seit der letzten Aktualisierung nicht gespielt